Cifrovyje fil'try /

Uložené v:
Podrobná bibliografia
Hlavní autori: Gol'denberg, Lev Moisejevič (Author), Levčuk, Jurij Petrovič (Author), Poljak, Michail Nikolajevič (Author)
Médium: Kniha
Jazyk:Russian
Vydané: Moskva : Svjaz', 1974.
Vydanie:1. izd.
ISBN: (brož.)
Fyzický popis: 159 s.
Tagy: Pridať tag
Žiadne tagy, Buďte prvý kto otaguje tento záznam!

MARC

LEADER 00000nam a2200000 a 4500
001 000103313
005 20091106161408.0
008 041103s1974 ru rus d
020 |a (brož.) 
040 |a SVKKK  |b slo  |c SVKKK  |e AACR2 
041 0 |a rus 
044 |a ru  |c RU 
100 1 |a Gol'denberg, Lev Moisejevič  |4 aut 
245 1 0 |a Cifrovyje fil'try /  |c Lev Moisejevič Gol'denberg, Jurij Petrovič Levčuk, Michail Nikolajevič Pol´jak. 
250 |a 1. izd. 
260 |a Moskva :  |b Svjaz',  |c 1974. 
300 |a 159 s. 
504 |a Obsahuje bibliografii 
700 1 |a Levčuk, Jurij Petrovič  |4 aut 
700 1 |a Poljak, Michail Nikolajevič  |4 aut 
910 |a svkkk 
998 |a BK 
090 |g SCKHL  |k Sklad Pribinova 2. posch.  |a II.220802  |j 536880  |i 103313-10  |s Absenčne